00349nam a22001457a 4500003000400000008004100004020001800045082001400063100002300077245003900100250000800139260002800147300001100175650001700186OSt260119b |||||||| |||| 00| 0 eng d a9788194708261 a615.1 UDP aUdaykumar, Padmaja aPharmacology For Pharmacy Students a2nd aN.DelhibCBS. Pubc2025 axx,716 aPharmacology